LEADER 01481nam a2200289 u 4500 001 000000114386 003 CaOOAMICUS 005 20090129121530.0 008 090129s1986 it af u100 u ita r 040 $aPUL$bita$dLDB 111 2 $aConvegno internazionale di studi umanistici$d(1984 :$cParma).$0(OLS)http://pul/name/70594 245 10$aLorenzo Valla e l'Umanesimo italiano :$batti del Convegno internazionale di studi umanistici (Parma, 18-19 ottobre 1984) /$ca cura di Ottavio Besomi e Mariangela Regoliosi. 260 $aPadova :$bAntenore,$c1986. 300 $ax, 424 p., [9] c. di tav. :$bill. ;$c25 cm. 490 1 $aMedioevo e Umanesimo ;$v59 500 $aInclude indici. 504 $aBibliografia in nota. 600 14$aValla, Lorenzo,$d1406-1457$vCongressi.$0(OLS)http://pul/subject/35000 650 14$aUmanesimo$vCongressi.$0(OLS)http://pul/subject/16053 700 1 $aRegoliosi, Mariangela.$0(OLS)http://pul/name/62544 700 1 $aBesomi, Ottavio.$0(OLS)http://pul/name/64836 830 0$aMedioevo e Umanesimo ;$v59.$0(OLS)http://pul/title/9971 850 $aPUL 852 $aPUL$W1$xDP2 Filosofia 3$y112$m940 COLL 3.59$j130706$qDDC 21$B129786$CPULBib$Z2$F129786 $H109377 $82 941 1 $a9 996 $6245$aLorenzo Valla e l'Umanesimo italiano :$batti del Convegno internazionale di studi umanistici (Parma, 18-19 ottobre 1984)$9(OLS)http://pul/title/143755 996 $6260$aPadova :$bAntenore$9(OLS)http://pul/publisher/48020 LEADER 01330nam a2200313 a 4500 001 000000172417 003 CaOOAMICUS 005 20190726102254.0 008 190726s2015 enka u000 u eng r 020 $z978-1-107-63380-3* 032 $aLibriCat 040 $aPUL$bita 082 04$a200.5 245 04$aThe Cambridge companion to Christian political theology / $cedited by Craig Hovey, Elizabeth Phillips. 260 $aCambridge :$bCambridge University Press,$cİ2015. 300 $axiv, 305 p.;$b$c23 cm 490 1 $aCambridge companions to religion 504 $aBibliografia in nota. 700 1 $aPhillips, Elizabeth.$0(OLS)http://pul/name/110679 700 1 $aHovey, Craig.$0(OLS)http://pul/name/110680 830 0$aCambridge companions to religion.$0(OLS)http://pul/title/103298 850 $aPUL 852 $aPUL$W1$xSL Religione 3$y85$m200. 5 COLL 1.29$j196338$qDDC 21$B201103$CPULBib$Z2$F201103 $H133107 $82 941 1 $a9 996 $6020$z978-1-107-63380-3*$9(OLS)http://pul/number/166499 996 $6082$a200.5$9(OLS)http://pul/classification/465 996 $6245$aThe Cambridge companion to Christian political theology / $9(OLS)http://pul/title/213360 996 $6260$aCambridge :$bCambridge University Press$9(OLS)http://pul/publisher/50125